| 000 | 00770cam a2200205 4500 | ||
|---|---|---|---|
| 001 | WB3714-53 | ||
| 008 | 000000n2001 000 0 eng u | ||
| 035 | _a(Sirsi) u111797 | ||
| 245 | _aFarmers given option on valuations | ||
| 260 | _c2001 | ||
| 490 |
_aFarmers Guardian _v 30 March 2001, 6(1) |
||
| 520 | _aThe Ministry of Agriculture is offering farmers the choice of payments at standard rates or having animals valued by a valuer. These changes have been made to the valuation procedure for animals slaughtered for foot and mouth disease. | ||
| 590 | _aWB | ||
| 650 | _aFOOT-AND-MOUTH DISEASE | ||
| 650 | _aLIVESTOCK VALUATIONS | ||
| 650 | _aLIVESTOCK FARMING | ||
| 650 | _aVALUATION PRACTICES | ||
| 690 | _aRURAL-FARM BUSINESS MANAGEMENT | ||
| 942 | _n0 | ||
| 999 |
_c66616 _d66616 |
||